000 00730 a2200217 4500
005 20080908121544.0
008 080908t xxu||||| |||| 00| 1 eng d
010 _aENG-87619
020 _a8181575369
_c400.00
035 _aEN-71152
037 _bDBAD / PUB
082 _aN
100 _aNaidu, M. Kamal
245 _aTigress of Nallamalai
_cby M. Kamal Naidu
260 _aCalcutta
_bWriters Workshop
_c2006
270 _a162/92, Lake Gardens,
_bCalcutta
_e700 045
300 _a312p.
_c22 cm (Hb)
490 _aWriters workshop greybird book
942 _adpl
_cEN
_kN / NAI
_2ddc
_hN
_mNAI
999 _c6717
_d6717